000
00232nam a2200097Ia 4500
008
220204s9999 xx 000 0 und d
082
_a
82-34
_b
FAI
100
_a
Lum, Peter
245
0
_a
Fairy tales from the Barbary Coast
942
_c
BK
999
_c
31114
_d
31114